000
00341nam a22001577a 4500
005
20160629121950.0
008
160629b xxu||||| |||| 00| 0 eng d
041
_a
eng
082
_b
11021
100
_a
Ghosh, G.C.
_9
3164
245
_a
Bilbomangle Thakur
260
_b
Olinent
300
_a
190
650
_a
Management
_9
241
942
_c
BK
999
_c
4633
_d
4631